Tài chính và phát triển : = Development finance (3 of 3) : Bài đọc (tập II) = Reading (volume II)

Enregistré dans:
Détails bibliographiques
Format: Livre
Langue:Undetermined
Publié: [S.I] Fulbright 2001
Sujets:
Tags: Ajouter un tag
Pas de tags, Soyez le premier à ajouter un tag!
Thư viện lưu trữ: Trung tâm Học liệu Trường Đại học Cần Thơ
LEADER 00527nam a2200169Ia 4500
001 CTU_153892
008 210402s9999 xx 000 0 und d
082 |a 332.091724 
082 |b T103/T.2 
245 0 |a Tài chính và phát triển : 
245 0 |b = Development finance (3 of 3) : Bài đọc (tập II) = Reading (volume II) 
260 |a [S.I] 
260 |b Fulbright 
260 |c 2001 
650 |a Finance,Monetary policy 
904 |i Bạch Trúc 
980 |a Trung tâm Học liệu Trường Đại học Cần Thơ